La nueva física
Сохранить в:
| Главный автор: | |
|---|---|
| Формат: | |
| Язык: | испанский |
| Опубликовано: |
Madrid
Alianza
1984
|
| Редактирование: | 4a. ed |
| Серии: | Alianza Universidad, 82
|
| Предметы: | |
| Метки: |
Добавить метку
Нет меток, Требуется 1-ая метка записи!
|
MARC
| LEADER | 00000nam a2200000 a 4500 | ||
|---|---|---|---|
| 001 | UCX1224 | ||
| 003 | CL-VaPUC | ||
| 008 | 900622e19840000SP |||||||||||||||||spa|d | ||
| 082 | 0 | 4 | |a 539 |b TAY |2 21 |
| 100 | 0 | |a Taylor, John Gerald |e author |9 316635 | |
| 245 | 1 | 3 | |a La nueva física |
| 250 | |a 4a. ed | ||
| 300 | |a 247 p | ||
| 942 | |c BK | ||
| 945 | |d 19900622 00:00:00 | ||
| 260 | |a Madrid |b Alianza |c 1984 | ||
| 650 | 0 | |a Física |9 227844 | |
| 583 | |a last modification |c 19900622 00:00:00 |k Rodrigo Vera | ||
| 490 | 0 | |a Alianza Universidad, 82 | |
| 999 | |c 222504 |d 222502 | ||
| 952 | |0 0 |1 0 |4 0 |6 539_000000000000000_TAY_1984 |7 0 |8 A |9 217288 |a BIBCUR |b BIBCUR |d 2019-11-15 |i 1749382 |o 539 TAY 1984 |p 1749382 |r 2025-04-22 |w 2019-11-15 |y BK |k BCB | ||